Southville International School and Colleges
Your cart is empty.
  • Cart
  • Lists
    Public lists Eva Luna New books Lux_list list_1
    Your lists Log in to create your own lists
  • Log in to your account
  • Your cookies
  • Search history
Southville International School and Colleges
  • Advanced search
  • Recent comments
  • Most popular
  • Libraries

Log in to your account

Log in with GOOGLE


If you do not have an external account, but do have a local account, you can still log in:

  1. Home
  2. MARC view: Become the music /
Normal view MARC view ISBD view

Become the music / (Record no. 339965)

[ view plain ]
MARC details
000 -LEADER
fixed length control field 00638nam a2200241Ia 4500
008 - FIXED-LENGTH DATA ELEMENTS--GENERAL INFORMATION
fixed length control field 170711s9999 xx 000 0 und d
020 ## - INTERNATIONAL STANDARD BOOK NUMBER
International Standard Book Number 9780021787630
050 ## - LIBRARY OF CONGRESS CALL NUMBER
Classification number 372.4
050 ## - LIBRARY OF CONGRESS CALL NUMBER
Item number A638 1993
100 ## - MAIN ENTRY--PERSONAL NAME
Personal name Aoki, Elaine Mei
245 ## - TITLE STATEMENT
Title Become the music /
245 ## - TITLE STATEMENT
Statement of responsibility, etc Elaine Mei Aoki, Virginia A. Arnold and James Flood.
260 ## - PUBLICATION, DISTRIBUTION, ETC. (IMPRINT)
Place of publication, distribution, etc New York :
260 ## - PUBLICATION, DISTRIBUTION, ETC. (IMPRINT)
Name of publisher, distributor, etc MacMillan,
260 ## - PUBLICATION, DISTRIBUTION, ETC. (IMPRINT)
Date of publication, distribution, etc 1993
300 ## - PHYSICAL DESCRIPTION
Extent 592 pages :
300 ## - PHYSICAL DESCRIPTION
Other physical details colored illustrations ;
300 ## - PHYSICAL DESCRIPTION
Dimensions 28cm.
650 ## - SUBJECT ADDED ENTRY--TOPICAL TERM
Topical term or geographic name as entry element Reading (Elementary) --
650 ## - SUBJECT ADDED ENTRY--TOPICAL TERM
Topical term or geographic name as entry element Reading (Elementary).
650 ## - SUBJECT ADDED ENTRY--TOPICAL TERM
General subdivision Language experience approach.
700 ## - ADDED ENTRY--PERSONAL NAME
Personal name Title.

No items available.

Become the music /

APA

Aoki E. M., Title, .Become the music. New York: .

Chicago

Aoki Elaine Mei, Title, .Become the music. New York: .

Harvard

Aoki E. M., Title, .Become the music. New York: .

MLA

Aoki Elaine Mei, Title, .New York: . .

  • Print
  • Cite
  • Add to your cart (remove)
  • Save record
    BIBTEX Dublin Core MARCXML MARC (non-Unicode/MARC-8) MARC (Unicode/UTF-8) MARC (Unicode/UTF-8, Standard) MODS (XML) RIS
  • More searches
    Search for this title in:
    Other Libraries (WorldCat) Other Databases (Google Scholar) Online Stores (Bookfinder.com) Open Library (openlibrary.org)

Exporting to Dublin Core...

SOUTHVILLE LIBRARY

Southville International School and Colleges Library

1281 Tropical Ave. Cor. Luxembourg St., BF Homes International, Las Pinas City

Tel. No. 8256374 / 252358 Loc. 117/146

Powered by Koha